| 000 | 00478nam a2200157 a 4500 | ||
|---|---|---|---|
| 001 | BRCA_1403 | ||
| 005 | 20190320203419.0 | ||
| 008 | 780615s1969 sp-#---###---#000-0#spa-# | ||
| 050 | 4 |
_aPQ6635 _b.S46 1969 |
|
| 100 | 1 |
_aSender, Ramón J. _94588 |
|
| 245 | 1 | 0 |
_aJubileo en el Zócalo _bretablo conmemorativo _cRamón J. Sender. |
| 260 |
_aEspaña _bCírculo de lectores _c1969 |
||
| 300 |
_a237 p. _c20 cm. |
||
| 651 | 4 |
_aMéxico _xHistoria _yConquista, 1519-1540 _9442 |
|
| 942 |
_2lcc _cB |
||
| 999 |
_c1265 _d1265 |
||